Pays avec le plus d'émissions de CO2 par habitant - Statistiques

Statistiques générales
  • Ce quiz a été pris 130 fois
  • Le résultat moyen est 9 sur 20
Statistiques - réponses
Quantité de CO2 en T par habitant Pays % Correct
14,61 Etats-Unis
99%
10,64 Russie
87%
14,99 Canada
80%
30,36 Qatar
71%
15,63 Australie
68%
20,91 Émirats arabes unis
67%
16,16 Arabie Saoudite
66%
11,66 Corée du Sud
56%
21,61 Koweit
51%
14,13 Oman
50%
19,97 Bahrein
47%
14,51 Luxembourg
35%
11,38 Taiwan
32%
15,64 Brunei
25%
12,92 Kazakhstan
24%
9,08 Pays-Bas
21%
12,18 Turkménistan
13%
12,14 Estonie
11%
9,60 Tchéquie
6%
13,15 Trinité-et-Tobago
1%
Aucun quiz correspondant
Distribution des résultats
% des personnes avec chaque résultat
Percentile par nombre de réponses
Votre historique - résultats
Vous n’avez pas pris ce quiz